[Event "AUTO-OPEN-03"]
[Site "http://www.queenalice.com/game.php?id=1003"]
[Date "2004.10.7"]
[Round "1"]
[White "Annunnakki"]
[Black "uneternal"]
[Result "1-0"]
[WhiteElo "1905"]
[BlackElo "1220"]

1. e4 c5 2. Nf3 Nc6 3. d4 cxd4 4. Nxd4 e5 5. Nb5 a6 6. Nd6+ Bxd6 7. Qxd6 Qe7 8.
Qd1 Nf6 9. Nc3 O-O 10. Bd3 Qc5 11. Bg5 Ng4 12. Qxg4 d5 13. Qg3 dxe4 14. Bh6 g6
15. Bxf8 Kxf8 16. Bxe4 Nd4 17. O-O-O Bf5 18. Rhe1 Bxe4 19. Rxe4 Re8 20. Qh3 h5
21. Qe3 b6 22. Qh6+ Kg8 23. Rdxd4 Re6 24. Rd8+ 1-0

[Event "Challenge"]
[Site "http://www.queenalice.com/game.php?id=1139"]
[Date "2004.10.14"]
[Round "-"]
[White "Annunnakki"]
[Black "miguel"]
[Result "1-0"]
[WhiteElo "1905"]
[BlackElo "1346"]

1. e4 e5 2. Nf3 Nc6 3. Bb5 a6 4. Ba4 b5 5. Bb3 Nf6 6. O-O Bb7 7. Re1 Bb4 8. c3
Bd6 9. d4 exd4 10. e5 Nxe5 11. cxd4 Bb4 12. Bd2 Bxd2 13. Rxe5+ Kf8 14. Nbxd2 d6
15. Re3 c5 16. dxc5 dxc5 17. Ne5 c4 18. Ndxc4 Qxd1+ 19. Rxd1 bxc4 20. Bxc4 Rc8
21. Nd7+ Nxd7 22. Rxd7 Kg8 23. Rxb7 h5 24. Bxf7+ Kh7 25. h3 Rc1+ 26. Kh2 h4 27.
Re5 Rc6 28. Bd5 Rf6 29. Rh5+ Rh6 30. Rxh6+ Kxh6 31. Rb6+ 1-0

[Event "Challenge"]
[Site "http://www.queenalice.com/game.php?id=1153"]
[Date "2004.10.15"]
[Round "-"]
[White "dnptrs"]
[Black "Annunnakki"]
[Result "0-1"]
[WhiteElo "1781"]
[BlackElo "1836"]

1. d4 Nf6 2. Nf3 e6 3. c4 d5 4. Nc3 c6 5. e3 Nbd7 6. Be2 Bd6 7. O-O O-O 8. a3
Ne4 9. Nxe4 dxe4 10. Nd2 f5 11. c5 Bc7 12. b4 Rf6 13. f4 Rh6 14. g3 Nf6 15. Rb1
Nd5 16. Qb3 b5 17. cxb6 axb6 18. Nc4 Ba6 19. Re1 Bb5 20. Ne5 Ba4 21. Qb2 Qe8 22.
Bd2 Ra7 23. Kg2 Bb5 24. Bd1 Bxe5 25. dxe5 Qd8 26. Ra1 Rd7 27. Bc3 Nxc3 28. Qxc3
Rd2+ 0-1

[Event "Challenge"]
[Site "http://www.queenalice.com/game.php?id=1154"]
[Date "2004.10.15"]
[Round "-"]
[White "Annunnakki"]
[Black "dnptrs"]
[Result "1-0"]
[WhiteElo "1500"]
[BlackElo "1771"]

1. e4 c5 2. Nf3 e6 3. d4 cxd4 4. Qxd4 Nc6 5. Qd1 Nf6 6. Bd3 Be7 7. O-O Qc7 8.
Nc3 a6 9. Re1 O-O 10. e5 Ne8 11. Ng5 g6 12. Bf4 Bb4 13. Qg4 h6 14. Nxf7 Rxf7 15.
Qxg6+ Kf8 16. Re4 Bxc3 17. Bxh6+ Ng7 18. Rf4 1-0

[Event "AUTO-OPEN-20"]
[Site "http://www.queenalice.com/game.php?id=1960"]
[Date "2004.11.17"]
[Round "1"]
[White "startstek"]
[Black "Annunnakki"]
[Result "0-1"]
[WhiteElo "1624"]
[BlackElo "1950"]

1. e4 e6 2. d4 d5 3. Nd2 Nf6 4. e5 Nfd7 5. f4 c5 6. c3 Nc6 7. Ndf3 Qb6 8. g3
cxd4 9. cxd4 Bb4+ 10. Kf2 O-O 11. Kg2 Be7 12. Bd3 Rd8 13. h4 f5 14. Ne2 Nf8 15.
b3 Bd7 16. Be3 Nb4 17. Nc3 Rac8 18. Rc1 Nxd3 19. Qxd3 Rc7 20. Kh3 Rdc8 21. g4
Qa5 22. Bd2 Bb4 23. Ne2 Bb5 24. Bxb4 Qxb4 25. Qe3 fxg4+ 0-1

[Event "AUTO-OPEN-20"]
[Site "http://www.queenalice.com/game.php?id=1961"]
[Date "2004.11.17"]
[Round "1"]
[White "Annunnakki"]
[Black "startstek"]
[Result "1-0"]
[WhiteElo "1955"]
[BlackElo "1626"]

1. e4 e5 2. Nf3 Nc6 3. Bb5 a6 4. Ba4 Nf6 5. O-O Be7 6. Re1 b5 7. Bb3 d6 8. c3
O-O 9. h3 Na5 10. Bc2 c5 11. d4 Qc7 12. Nbd2 Nc6 13. d5 Nd8 14. a4 Rb8 15. axb5
axb5 16. b4 c4 17. Nf1 Ne8 18. Ng3 g6 19. Qe2 Ng7 20. Bh6 f6 21. Ra5 Nf7 22. Bd2
Bd7 23. Rea1 f5 24. exf5 gxf5 25. Nd4 exd4 26. Qxe7 d3 27. Bd1 Qd8 28. Qxd8
Rfxd8 29. Nh5 Nxh5 30. Bxh5 Be8 31. f4 Nh8 32. Bf3 Ng6 33. g3 Rb7 34. Kf2 Re7
35. Be3 Nf8 36. Ra6 Rb7 37. Bb6 Rdb8 38. Bd4 Rd7 39. Ra7 Rbb7 40. Ra8 Kf7 41. g4
Ng6 42. gxf5 Nxf4 43. Ke3 Ng6 44. f6 Kf8 45. Bh5 Rf7 46. Rxe8+ Kxe8 47. Ra8+ 1-0

[Event "AUTO-OPEN-20"]
[Site "http://www.queenalice.com/game.php?id=1970"]
[Date "2004.11.17"]
[Round "1"]
[White "Annunnakki"]
[Black "ArmerRitter"]
[Result "1-0"]
[WhiteElo "1929"]
[BlackElo "1621"]

1. e4 c6 2. d4 d5 3. exd5 cxd5 4. Nf3 Nf6 5. Bd3 Nc6 6. O-O Bg4 7. c3 e6 8. Qb3
Qc7 9. Bf4 Bd6 10. Bxd6 Qxd6 11. Nbd2 O-O 12. Rfe1 Rac8 13. Ne5 Qc7 14. Qc2 Bh5
15. Nxc6 Qxc6 16. Re3 b5 17. a3 Bg6 18. Bxg6 hxg6 19. Qd3 a6 20. Rh3 Nh5 21. Qe3
Qd6 22. Rh4 Qe7 23. Nf3 a5 24. g4 Nf6 25. Ne5 Rfd8 26. Qh3 Nh5 27. f4 1-0

[Event "AUTO-OPEN-20"]
[Site "http://www.queenalice.com/game.php?id=1971"]
[Date "2004.11.17"]
[Round "1"]
[White "ArmerRitter"]
[Black "Annunnakki"]
[Result "0-1"]
[WhiteElo "1806"]
[BlackElo "1969"]

1. e4 e6 2. d4 d5 3. e5 c5 4. c3 Nc6 5. Nf3 Qb6 6. Bd3 cxd4 7. cxd4 Bd7 8. Bc2
Nb4 9. O-O Nxc2 10. Qxc2 Rc8 11. Nc3 Ne7 12. Rd1 Nf5 13. Bg5 h6 14. Bf4 Be7 15.
Qd2 g5 16. Be3 Nxe3 17. fxe3 O-O 18. Rac1 f5 19. exf6 Bxf6 20. Ne5 Bxe5 21. dxe5
Rc4 22. Qd3 Be8 23. b3 Rc6 24. Rf1 Rxf1+ 25. Rxf1 Qc7 26. Nb5 Qxe5 27. Nd4 Rc7
28. b4 a6 29. a3 Kg7 30. Qd2 Qe4 31. Rf3 Bg6 32. h4 gxh4 33. Rf4 Qe5 34. Rxh4
Be4 35. Rf4 Kh7 36. a4 Qh5 37. Rf2 Qg4 38. Qb2 Rg7 39. Qe2 Qxe2 40. Nxe2 Rc7 41.
a5 e5 42. Ng3 Bg6 43. Rd2 Bf7 44. Rf2 Kg6 45. Rf5 d4 46. Rxe5 d3 47. Ne4 Rc2 48.
Re7 d2 49. Nxd2 Rxd2 50. e4 Bc4 51. Rxb7 Re2 52. Re7 Rb2 53. Rb7 Bb5 54. Rb6+
Kg5 55. e5 Rxb4 0-1

[Event "Challenge"]
[Site "http://www.queenalice.com/game.php?id=2332"]
[Date "2004.11.30"]
[Round "-"]
[White "MikeDoherty"]
[Black "Annunnakki"]
[Result "0-1"]
[WhiteElo "1567"]
[BlackElo "1949"]

1. d4 Nf6 2. c4 e6 3. Nc3 d5 4. Nf3 Be7 5. e3 Nbd7 6. Bd3 O-O 7. O-O dxc4 8.
Bxc4 c5 9. Bd2 cxd4 10. exd4 b6 11. Qe2 Bb7 12. Rac1 a6 13. Rfe1 b5 14. Bd3 Qb6
15. Be3 b4 16. d5 Qd6 17. dxe6 Bxf3 18. gxf3 Ne5 19. Be4 Nxe4 20. exf7+ Rxf7 21.
Nxe4 Qg6+ 22. Kh1 Nxf3 23. Qc4 Qh5 24. Bf4 Nxe1 25. Rxe1 Qf3+ 0-1

[Event "AUTO-OPEN-03"]
[Site "http://www.queenalice.com/game.php?id=2848"]
[Date "2004.12.15"]
[Round "2"]
[White "Brandt"]
[Black "Annunnakki"]
[Result "0-1"]
[WhiteElo "1711"]
[BlackElo "1960"]

1. d4 Nf6 2. c4 e6 3. Nf3 b6 4. g3 Bb7 5. Bg2 Be7 6. O-O O-O 7. Nc3 Ne4 8. Qd3
Nxc3 9. Qxc3 c5 10. e3 Be4 11. Rd1 Nc6 12. b3 Bf6 13. Bb2 d5 14. Qc1 Rc8 15.
dxc5 bxc5 16. cxd5 exd5 17. Ne1 Bxg2 18. Nxg2 Ne5 19. Bxe5 Bxe5 20. Rb1 Qd7 21.
Rd3 Rfd8 22. Qd2 Rc6 23. Rd1 Rd6 24. Ne1 c4 25. bxc4 dxc4 26. Rxd6 Qxd6 27. Qxd6
Rxd6 28. Rxd6 Bxd6 29. Kf1 Kf8 30. Nf3 Ke7 31. Nd4 Bc5 32. Ke2 Bxd4 33. exd4 Ke6
34. Kd2 Kd5 35. Kc3 f5 36. a4 g5 37. f3 g4 38. fxg4 fxg4 0-1

[Event "AUTO-OPEN-20"]
[Site "http://www.queenalice.com/game.php?id=13152"]
[Date "2005.5.15"]
[Round "3"]
[White "mandaragit"]
[Black "Annunnakki"]
[Result "0-1"]
[WhiteElo "2079"]
[BlackElo "1982"]

1. d4 Nf6 2. c4 e6 3. Nf3 b6 4. g3 Ba6 5. b3 Bb4+ 6. Bd2 Be7 7. Bg2 d5 8. Ne5 c6
9. Bc3 Nfd7 10. Nxd7 Nxd7 11. Nd2 O-O 12. O-O Rc8 13. e4 c5 14. exd5 exd5 15.
dxc5 dxc4 16. c6 cxb3 17. Re1 b2 18. Bxb2 Nc5 19. Ba3 Re8 20. Nb3 Nd3 21. Bxe7
Rxe7 22. Rxe7 Qxe7 23. Qd2 Bc4 24. Nd4 Qf6 25. Qe3 Kf8 26. Nc2 Qb2 27. Qd4 Qxc2
28. Qd6+ Kg8 0-1

[Event "AUTO-OPEN-20"]
[Site "http://www.queenalice.com/game.php?id=13153"]
[Date "2005.5.15"]
[Round "3"]
[White "Annunnakki"]
[Black "mandaragit"]
[Result "1-0"]
[WhiteElo "2005"]
[BlackElo "2084"]

1. e4 e5 2. Nf3 Nc6 3. Bb5 f5 4. Nc3 fxe4 5. Nxe4 d5 6. Nxe5 dxe4 7. Nxc6 Qg5 8.
Qe2 Nf6 9. f4 Qh4+ 10. g3 Qh3 11. Ne5+ c6 12. Bc4 Bc5 13. d3 Ng4 14. Qxe4 Nf2
15. Bf7+ Kd8 16. Qc4 Bb6 17. f5 Nxh1 18. Bg5+ Kc7 19. Qf4 Qxf5 20. Ng6+ Qxf4 21.
Bxf4+ Kd8 22. Nxh8 Bg4 23. Bb3 Kd7 24. Nf7 Re8+ 25. Ne5+ Kc8 26. Kd2 Nf2 27. Re1
Bh5 28. Nc4 Bc7 29. Nd6+ Bxd6 30. Bxd6 Rxe1 31. Kxe1 Ng4 32. h3 Nf6 33. Bf8 Ne8
34. g4 Bg6 35. Kf2 Kd7 36. Kg3 a6 37. h4 h6 38. h5 1-0